| 000 | 00625nam a22002417a 4500 | ||
|---|---|---|---|
| 001 | sjds | ||
| 003 | sjds | ||
| 005 | 20230629200942.0 | ||
| 008 | 230629b |||||||| |||| 00| 0 spa d | ||
| 020 | _a9781566740517 | ||
| 020 | _a1566740517 | ||
| 020 | _a42799008355 | ||
| 024 |
_2UPC _a42799008355 |
||
| 040 | _csjds | ||
| 041 | _aspa | ||
| 100 | 1 | 0 | _aArem, Joel E. |
| 245 |
_aRocas y minerales / _cJoel E. Arem |
||
| 260 |
_a [Lake Forest, IL] : _bHTS Books, _cc1992 |
||
| 300 |
_a 44 pages : _b color illustrations ; _c32 cm |
||
| 440 | _a Descubre-- | ||
| 500 | _aTranslation of: Rocks & minerales | ||
| 942 | _cBK | ||
| 999 |
_c28260 _d28260 |
||